000 00315nam a2200133 a 4500
008 971121s1972||||xx 0 und c
040 _aSNK
_bslo
_cSNK
_eAACR2
100 1 _aKállay, Karok
245 1 0 _aMne Slovensko krása je
260 _aMartin
_bOsveta
_c1972
020 _c70
044 _axo
_cSK
041 _aslo
999 _c19683
_d19683